Văn học phật giáo thời Lý - Trần Diện mạo và đặc điểm
Guardat en:
| Autor principal: | |
|---|---|
| Format: | Llibre |
| Idioma: | English Vietnamese |
| Publicat: |
Tp. Hồ Chí Minh
Đại học quốc gia Tp. Hồ Chí Minh
2016
|
| Matèries: | |
| Etiquetes: |
Afegir etiqueta
Sense etiquetes, Sigues el primer a etiquetar aquest registre!
|
| Thư viện lưu trữ: | Trung tâm Học liệu Lê Vũ Hùng, Trường Đại học Đồng Tháp |
|---|
| LEADER | 00878pam a22002418a 4500 | ||
|---|---|---|---|
| 001 | 00041646 | ||
| 008 | 170505s1996 ||||||engsd | ||
| 005 | 20180618110619.0 | ||
| 020 | # | # | |c 145000 |a 978 604 73 4507 6 |
| 041 | 0 | # | |a vie |
| 082 | 0 | 4 | |a 895.922 8 |b V115H |
| 100 | 1 | # | |a Nguyễn, Công Lý |
| 245 | 1 | 0 | |c Nguyễn Công Lý |a Văn học phật giáo thời Lý - Trần |b Diện mạo và đặc điểm |
| 260 | # | # | |c 2016 |a Tp. Hồ Chí Minh |b Đại học quốc gia Tp. Hồ Chí Minh |
| 300 | # | # | |a 557tr. |c 21 cm. |
| 653 | # | # | |a Diện mạo |
| 653 | # | # | |a Phật giáo |
| 653 | # | # | |a Thời lý trần |
| 653 | # | # | |a Văn học việt Nam |
| 653 | # | # | |a Đặc điểm |
| 852 | # | # | |j KD.0023819 |
| 910 | # | # | |f 18/06/2018 |e dtchanh |d 18/06/2018 |
| 980 | # | # | |a Trung tâm Học liệu Lê Vũ Hùng, Trường Đại học Đồng Tháp |